000 02294cam a22004694i 4500
003 PE-LiUPU
005 20250731183424.0
008 150706s r 000 0 d
020 _a8483018586
035 _a(Sirsi) i9788483018583
040 _aPE-LiUPU
_bspa
_cPE-LiUPU
_erda
049 _aPRUA
082 0 4 _a711.4
_bH41
_221
100 1 _aHerce Vallejo, Manuel,
_eautor.
245 1 3 _aEl soporte infraestructural de la ciudad /
_cManuel Herce Vallejo y Joan Miró Farrerons.
250 _a2a
264 1 _aBarcelona :
_bEdicions Universidad Politecnica de Catalunya,
_c2006.
300 _a175 páginas :
_bilustraciones tabla, proyecto ;
_c26 centímetros
336 _atext
_2rdacontent
337 _aunmediated
_2rdamedia
338 _avolume
_2rdacarrier
490 0 _aArquitext ;
_v29
504 _aNotas bibliográficas al final de cada capítulo.
505 0 _aLa urbanización como soporte acumulado de la construcción de la ciudad -- El viario urbano: condiciones de diseño -- Las infraestructuras energéticas t de telecomunicaciones -- Organización de los servicios en el espacio público -- El coste de la urbanización -- El proyecto de las infraestructuras urbana.
526 _aP158
526 _aP146
526 _aP17
526 _aP12
526 _aP06
541 _g015-0010922;
650 0 4 _aPlanes urbanísticos.
700 1 _aMiró Farrerons, Joan,
_eautor.
910 _agl
_bjv
_cng
_d20091014
942 _2ddc
_cBOOK
949 _a711.4 H41
_wDEWEY
_c1
_i60570
_d2016-1-7
_e2015-12-3
_lCCODEBUL1
_mBUL
_n3
_p47.00
_r0
_sY
_tBOOK
_u2015-7-6
_xINGENIERIA
_PP06
_0COMPRA
_o.STAFF. Colección General
949 _a711.4 H41
_wDEWEY
_c2
_i70722
_lCCODEBUL1
_mBUL
_p30.00
_r0
_sY
_tBOOK
_u2016-9-14
_xINGENIERIA
_PP06
_0COMPRA
_o.STAFF. Colección Fia
994 _aC0
_bPEPRU
596 _a1
999 _a711.4 H41
_wDEWEY
_c49993
_i60570
_d49993
_e2015-12-3
_f2021-11-9
_g7
_lCCODEBUL1
_mBUL
_n3
_p47.00
_r0
_sY
_tBOOK
_u2015-7-6
_xINGENIERIA
_PP06
_0COMPRA
_o.STAFF. Colección General
999 _a711.4 H41
_wDEWEY
_c2
_i70722
_f2021-11-9
_g8
_lCCODEBUL1
_mBUL
_p30.00
_r0
_sY
_tBOOK
_u2016-9-14
_xINGENIERIA
_PP06
_0COMPRA
_o.STAFF. Colección Fia
980 _81
_gALBERTO SANCHEZ Responsable de Automatización